|
|
|
|
| LEADER |
00000nam a2200000 4500 |
| 001 |
vtls012077239 |
| 003 |
SK-MaSNL |
| 005 |
20260301150646.0 |
| 008 |
211112s2021 xo gr 000 0 hun |
| 015 |
|
|
|a SNBA2023/08
|
| 020 |
|
|
|a 9788057033004
|q (brožované)
|
| 040 |
|
|
|a SNK
|b slo
|c SNK
|e rda
|
| 041 |
0 |
|
|a hun
|
| 043 |
|
|
|a e-xo---
|
| 044 |
|
|
|a xo
|c SK
|
| 072 |
|
7 |
|a 271/279
|x Kresťanské cirkvi, sekty, denominácie
|2 konspekt
|
| 080 |
|
|
|a 275
|2 2011
|
| 080 |
|
|
|a 275.4
|2 2011
|
| 080 |
|
|
|a 27-9
|2 2011
|
| 080 |
|
|
|a 27-2-722.5
|2 2011
|
| 080 |
|
|
|a 27-584
|2 2011
|
| 080 |
|
|
|a (437.6)
|2 2011
|
| 080 |
|
|
|a (048.8)
|2 2011
|
| 080 |
|
|
|a (093)
|2 2011
|
| 100 |
1 |
|
|a Hanesz, Sándor
|4 aut
|9 508205
|
| 245 |
1 |
0 |
|a Szellemi örökségem
|n 2. rész
|c Hanesz Sándor
|
| 264 |
|
1 |
|a Dunaszerdahely
|b Hanesz Éva
|c 2021
|
| 300 |
|
|
|a 119 strán
|c 21 cm
|
| 336 |
|
|
|a text
|b txt
|2 rdacontent
|
| 337 |
|
|
|a bez média
|b n
|2 rdamedia
|
| 338 |
|
|
|a zväzok
|b nc
|2 rdacarrier
|
| 650 |
0 |
7 |
|a reformované cirkvi
|2 SNKPH
|9 49898
|
| 650 |
0 |
7 |
|a kalvinizmus
|2 SNKPH
|9 31105
|
| 650 |
0 |
7 |
|a cirkevné dejiny
|2 SNKPH
|9 3909
|
| 650 |
0 |
7 |
|a kresťanskí kňazi
|2 SNKPH
|9 66888
|
| 650 |
0 |
7 |
|a duchovný život
|2 SNKPH
|9 1807
|
| 650 |
0 |
7 |
|a Reformed Churches
|2 SNKPHeng
|9 275934
|
| 650 |
0 |
7 |
|a Calvinism
|2 SNKPHeng
|9 346516
|
| 650 |
0 |
7 |
|a Church history
|2 SNKPHeng
|9 266918
|
| 650 |
0 |
7 |
|a Christian priests
|2 SNKPHeng
|9 335703
|
| 650 |
0 |
7 |
|a Spiritual life
|2 SNKPHeng
|9 265583
|
| 651 |
|
7 |
|a Veľké Kosihy (Slovensko)
|2 SNKPHgeo
|9 108201
|
| 651 |
|
7 |
|a Veľké Kosihy (Slovakia)
|2 SNKPHeng
|9 508206
|
| 655 |
|
7 |
|a dokumenty
|2 SNKPH
|9 70482
|
| 655 |
|
7 |
|a monografie
|2 SNKPH
|9 70139
|
| 655 |
|
7 |
|a Documents
|2 SNKPHeng
|9 277725
|
| 655 |
|
7 |
|a Monographs
|2 SNKPHeng
|9 120675
|
| 752 |
|
|
|a Dunajská Streda
|d Slovensko
|
| 852 |
|
|
|a Slovenská národná knižnica
|
| 919 |
|
|
|a 978-80-570-3300-4
|
| 954 |
|
|
|a odborná, vedecká literatúra pôvodná (slovenská)
|2 lita
|
| 954 |
|
|
|a duchovná literatúra pôvodná (slovenská)
|2 lita
|
| 958 |
|
|
|a NT
|
| 999 |
|
|
|c 784209
|d 786139
|
| 952 |
|
|
|a SNK
|b SNK
|y PREZ
|7 0
|p 17A1468851
|o snkSC 195177/2
|i snk2021/18079
|8 0
|0 0
|1 0
|4 0
|d 2021-11-12
|l 0
|r 2025-10-15 00:00:00
|w 2026-02-24
|
| 952 |
|
|
|a SNK
|b SNK
|y VYP
|7 0
|p 17A1468852
|o snkSC 195177/2 D1
|i snk2021/18080
|8 0
|0 0
|1 0
|4 0
|d 2021-11-12
|l 0
|r 2026-02-24 01:15:18
|w 2026-02-24
|